00938cam a2200265 450000100060000000300080000600500170001400800390003103500190007004000320008904100110012108200240013210000320015624500540018825000140024226000370025630000280029335000110032150000620033250400200039465000720041494200120048699900170049895201570051522277BD-RjUL20211209000804.0140308s1970 ii b 001 0 eng a(BD-RjUL)22342 aDLCcDLCdDLCdBD-RjULbeng1 aengben a891.44016bMUB 19701 aMukherji, Jagomohon.96877410aBengali literature in English :ba bibliography / a[1st ed.] aCalcutta :bM. C. Sarkar,c1970. axv, 108, 7 p. ;c18 cm. aRs8.00 a"Supplement, July 1967 to December 1969": 7 p. (3d group) aIncludes index. 0aBengali literaturexTranslations into EnglishxBibliography.968775 2ddccBK c22277d22277 00102ddc40728NFICaRUCLbRUCLcReadingd1973-05-31eUttarbanga Lib., Rajshahig8.00l0o891.44016 MUB 1970r2014-03-08 00:00:00tC-1w2014-03-08yBK